书目信息 |
| 题名: |
胡适传
|
|
| 作者: | 小田 , 季进 著 | |
| 分册: | ||
| 出版信息: | 北京 团结出版社 1999.04 |
|
| 页数: | 372页 | |
| 开本: | 32开 | |
| 丛书名: | ||
| 单 册: | ||
| 中图分类: | K825.6 | |
| 科图分类: | ||
| 主题词: | 人物--传记--中国 | |
| 电子资源: | ||
| ISBN: | 7-80130-244-3 | |
| 000 | 00554nam0 2200205 45 | |
| 001 | 0010261558 | |
| 005 | 20001026155101.7 | |
| 010 | @a7-80130-244-3@d18.20元 | |
| 100 | @a20001026d1999 km y0chiy0120 ea | |
| 101 | 0 | @achi |
| 105 | @a z 000yy | |
| 200 | 1 | @a胡适传@AHu Shi Chuan@f小田,季进著@FXiao Tian,Ji Jin Zhu |
| 210 | @a北京@c团结出版社@d1999.04 | |
| 215 | @a372页@d32开 | |
| 606 | 0 | @a人物@x传记@x中国 |
| 690 | @aK825.6@v3 | |
| 701 | 0 | @a小田@4著 |
| 701 | 0 | @a季进@4著 |
| 801 | @aCN@bPftUser@c20001026 | |
| 905 | @b191036-038@dK825.6@eX.462@f3 | |
| 胡适传/小田,季进著.-北京:团结出版社,1999.04 |
| 372页;32开 |
| ISBN 7-80130-244-3:18.20元 |
| ● |
| 相关链接 |
|
|
|
正题名:胡适传
索取号:K825.6/X.462
 
预约/预借
| 序号 | 登录号 | 条形码 | 馆藏地/架位号 | 状态 | 备注 |
| 1 | 191036 | 201910361 | 社科库309/309社科库 52排6列3层/ [索取号:K825.6/X.462] | 在馆 | |
| 2 | 191037 | 201910370 | 社科库309/309社科库 52排6列2层/ [索取号:K825.6/X.462] | 在馆 | |
| 3 | 191038 | 201910389 | 社科库309/309社科库 52排6列2层/ [索取号:K825.6/X.462] | 在馆 |